01562cam a22003494a 450000100090000000300050000900500170001400800410003101000170007202000210008902500340011003700700014404000130021404100130022704200100024004300300025005000210028008200170030124501930031825000120051126000520052330000330057550000740060850400510068250502710073365000250100465000250102965100350105465100560108970000350114570000320118014385088Nust20170417180802.0060522r20051915ii ab b 001 0 eng  a 2006561432 a8120619668 (set) aI-E-2006-561432; 56-92; 55-05 bLibrary of Congress -- New Delhi Overseas OfficecRs2400.00 (set) aDLCcDLC1 aenghmul alcode acc-----aa-ii---ae------00aDS707b.C38 2005 a915.043bCAT00aCathay and the way thither, being a collection of medieval notices of China /ctranslated and edited by Henry Yule ; revised throughout in the light of recent discoveries by Henri Cordier. aNew ed. aNew Delhi :bAsian Educational Services,c2005. a4 v. :bill., maps ;c23 cm. aOriginally published: London : Printed for the Hakluyt Society, 1915. aIncludes bibliographical references and index.0 av. 1. Preliminary essay : on the intercourse between China and the Western nations previous to the discovery of the Cape route -- v. 2. Odoric of Pordenone -- v. 3. Missionary friars : Rashíduddín, Pegolotti, Marignolli -- v. 4. Ibn Batuta, Benedict Goes, index. 0aGeography, Medieval. 0aMissionszEast Asia. 0aChinaxDescription and travel. 0aIndiaxDescription and travelxEarly works to 1800.1 aYule, Henry,cSir,d1820-1889.1 aCordier, Henri,d1849-1925.